CRAIES ON LEGISLATION (Record no. 216424)
[ view plain ]
| 000 -LEADER | |
|---|---|
| fixed length control field | 00533nam a22001697a 4500 |
| 008 - FIXED-LENGTH DATA ELEMENTS--GENERAL INFORMATION | |
| fixed length control field | 260107b |||||||| |||| 00| 0 eng d |
| 020 ## - INTERNATIONAL STANDARD BOOK NUMBER | |
| International Standard Book Number | 978-0-414-025-452-6 |
| 050 ## - LIBRARY OF CONGRESS CALL NUMBER | |
| Classification number | KD 691.C73 2012 |
| 100 ## - MAIN ENTRY--PERSONAL NAME | |
| Personal name | GREENBERG DANIEL |
| 245 ## - TITLE STATEMENT | |
| Title | CRAIES ON LEGISLATION |
| Remainder of title | A PRACTIONERS GUIDE TO THE NATURE ,PROCESS,EFFECT AND INTERPRETATION OF LEGISLATION |
| 260 ## - PUBLICATION, DISTRIBUTION, ETC. | |
| Place of publication, distribution, etc. | LONDON |
| Name of publisher, distributor, etc. | SWEET AND MAXWELL |
| Date of publication, distribution, etc. | 2012 |
| 300 ## - PHYSICAL DESCRIPTION | |
| Extent | X,1192 |
| 500 ## - GENERAL NOTE | |
| General note | INCLUDES AN INDEX |
| 650 ## - SUBJECT ADDED ENTRY | |
| Topical term or geographic name entry element | Statutory interpretation |
| 942 ## - ADDED ENTRY ELEMENTS (KOHA) | |
| Source of classification or shelving scheme | Library of Congress Classification |
| Koha item type | Long Loan Book |
| Withdrawn status | Lost status | Source of classification or shelving scheme | Damaged status | Not for loan | Collection | Home library | Current library | Shelving location | Date acquired | Inventory number | Total checkouts | Full call number | Barcode | Date last seen | Copy number | Price effective from | Koha item type |
|---|---|---|---|---|---|---|---|---|---|---|---|---|---|---|---|---|---|
| Library of Congress Classification | Law | Kisii University Library | Kisii University Library | On Display | 01/07/2026 | 110621 | KD 691.C73 2012 | 000000018279 | 01/07/2026 | C.1 | 01/07/2026 | Long Loan Book |